000 00776nam a22002417a 4500
001 30567
003 UA-OsUOA
005 20210916221542.0
007 ta
008 20041111b un ||||| |||| 00| 0 ukr d
040 _aUA-OsUOA
_brus
_cUA-OsUOA
_dUA-OsUOA
041 _arus
044 _aRU
080 _a811.162.3(091)
090 _a811.162.3(091)
_bН59
100 _aНещименко Г. П.
245 _aИстория именного словообразования в ческом литературном языке конца VIII - XX вв.: прилагательное
_cГ. П. Нещименко ; ред. А. Г. Широкова
260 _aМосква
_bНаука
_c1968
300 _a284 с.
650 7 _2UDC
942 _cBK
_2udc
955 _a0
999 _c316980
_d316980